| 000 | 00334nam a2200133Ia 4500 | ||
|---|---|---|---|
| 999 |
_c367 _d367 |
||
| 003 | OSt | ||
| 008 | 201107b ||||| |||| 00| 0 eng d | ||
| 082 | _a 658.80285 | ||
| 100 | _aWHITELEY, David. | ||
| 245 | _a E-Commerce Strategy Technologies and Applications | ||
| 260 |
_a N.Delhi _bTMH _c 2007 |
||
| 300 | _a259 | ||
| 942 |
_2ddc _cBK _03 |
||